Normal view
MARC view
- بحوث العليات - العلوم التجاريه
Entry Topical Term
001 - CONTROL NUMBER
- control field: 29355
003 - CONTROL NUMBER IDENTIFIER
- control field: JO-AjAnu
005 - DATE AND TIME OF LATEST TRANSACTION
- control field: 20230606074950.0
008 - FIXED-LENGTH DATA ELEMENTS
- fixed length control field: 230606|| aca||aabn | a|a d
040 ## - CATALOGING SOURCE
- Original cataloging agency: JO-AjAnu
- Transcribing agency: JO-AjAnu
150 ## - HEADING--TOPICAL TERM
- Topical term or geographic name entry element: بحوث العليات - العلوم التجاريه
670 ## - SOURCE DATA FOUND
- Source citation: Work cat.: (JO-AjAnu)15068: العلاونه ، علي/ م مشارك محمد عبيدات ، عبدالكريم عواد , author 29354, بحوث العمليات في العلوم التجارية